| 000 | 00900cab a22002175a 4500 | ||
|---|---|---|---|
| 001 | L154173 | ||
| 008 | 111024e20111021xxk 000 0 eng d | ||
| 035 | _a(Sirsi) u154173 | ||
| 041 | 0 | _aeng | |
| 100 | 1 | _aPitt, Vern | |
| 245 | 0 | 0 |
_aContracts at five-year high _bbusiness barometer |
| 260 | _c2011 | ||
| 490 |
_aBuilding _v276 (8700) 21 October 2011, 18-19(2) |
||
| 520 | _aOverview; tables of top contractors including and excluding civils for September 2011; yearly work won including and excluding civils August 2010-September 2011; top architects and top quantity surveyors August 2010 to September 2011 using information from Barbour ABI. Looks at housebuilding, construction outlook and health construction PFI. | ||
| 590 | _aKA | ||
| 651 | 4 |
_aUnited Kingdom _y |
|
| 690 | _aBUILT ENVIRONMENT-CONSTRUCTION MARKET | ||
| 700 | 1 | _aGreen, Brian | |
| 700 | 1 | _aForrest, Kelly | |
| 942 | _n0 | ||
| 999 |
_c83518 _d83518 |
||